00929cam a22002177a 4500001000500000005001700005020002500022020001800047040002300065082000800088100002000096245004800116250003300164260003400197300003900231490001400270505000800284520037900292521002000671521002000691277820240116145113.0 a9780545003995 (pbk.) a9780545003995 aDLCcDLCdDLCbeng a3101 aRoland, Timothy10aKooks in the cafeteria /cby Timothy Roland aFirst printing, January 2008 aNew York :bScholastic,c2008 a91 pages :billustrations ;c20 cm0 aComic guy aK  aAfter falling asleep in math class, Guy is sentenced to one week of Kitchen Patrol. He quickly discovers there's something rotten in the school cafeteria -- and it's not the food! Guy makes meals (and messes) as he investigates why the head cook, the big bad Mrs. Wolf, doesn't help with the work. It's a recipe for trouble -- can he uncover her secret before it's too late? a510 bLexile  aK bRaz-Plus